LEADER 01060nam0-2200337---450- 001 990004612750403321 005 20140723124458.0 010 $a3-8053-0469-2 035 $a000461275 035 $aFED01000461275 035 $a(Aleph)000461275FED01 035 $a000461275 100 $a19990604d1980----km-y0itay50------ba 101 0 $ager 102 $aDE 105 $af-------001yy 200 1 $aKonsolengeisa des Hellenismus und der Frühen Kaiserzeit$fvon Henner von Hesberg 210 $aMainz$cVon Zabern$d1980 215 $a239 p., 36 c. di tav.$cill.$d29 cm 225 1 $aMitteilungen des deutschen Archaeologischen Instituts$iRoemische Abteilung. Erganzungsheft$v24 610 0 $aArchitettura greca 676 $a722.8$v22 676 $a930.1$v22 700 1$aHesberg,$bHenner von$0169223 801 0$aIT$bUNINA$gRICA$2UNIMARC 901 $aBK 912 $a990004612750403321 952 $a930.1 DAIR 24$bbibl. 60386$fFLFBC 959 $aFLFBC 996 $aKonsolengeisa des Hellenismus und der Frühen Kaiserzeit$9551736 997 $aUNINA LEADER 02578nam0 2200553 i 450 001 VAN0124839 005 20230630092355.686 017 70$2N$a9783319766607 100 $a20191025d2018 |0itac50 ba 101 $aeng 102 $aCH 105 $a|||| ||||| 200 1 $aMathematics for Sustainability$fJohn Roe, Russ deForest, Sara Jamshidi 210 $aCham$cSpringer$d2018 215 $axix, 523 p.$cill.$d24 cm 410 1$1001VAN0124840$12001 $aTexts for Quantitative Critical Thinking$1210 $aCham [etc.]$cSpringer 500 1$3VAN0236365$aMathematics for Sustainability$91563655 606 $a97-XX$xMathematics education [MSC 2020]$3VANC023813$2MF 606 $a91A35$xDecision theory for games [MSC 2020]$3VANC024686$2MF 606 $a97Mxx$xEducation of mathematical modeling and applications of mathematics [MSC 2020]$3VANC026708$2MF 606 $a00Axx$xGeneral and miscellaneous specific topics [MSC 2020]$3VANC027112$2MF 606 $a91B76$xEnvironmental economics (natural resource models, harvesting, pollution, etc.) [MSC 2020]$3VANC030910$2MF 606 $a97F70$xMeasures and units (educational aspects) [MSC 2020]$3VANC035389$2MF 610 $aCase studies in sustainability$9KW:K 610 $aCritical thinking with data$9KW:K 610 $aData and distributions$9KW:K 610 $aDynamic networks$9KW:K 610 $aEquilibrium State$9KW:K 610 $aLogistic models$9KW:K 610 $aMathematics for sustainability textbook$9KW:K 610 $aMathematics of Planet Earth$9KW:K 610 $aNetworks and decisions$9KW:K 610 $aQuantitative communication skills$9KW:K 610 $aQuantitative decision-making$9KW:K 610 $aQuantitative reasoning textbook$9KW:K 610 $aSustainability$9KW:K 620 $aCH$dCham$3VANL001889 700 1$aRoe$bJohn$3VANV096268$0350510 701 1$adeForest$bRuss$3VANV096269$0767842 701 1$aJamshidi$bSara$3VANV096270$0767843 712 $aSpringer $3VANV108073$4650 801 $aIT$bSOL$c20240614$gRICA 856 4 $uhttp://doi.org/10.1007/978-3-319-76660-7$zE-book ? Accesso al full-text attraverso riconoscimento IP di Ateneo, proxy e/o Shibboleth 899 $aBIBLIOTECA DEL DIPARTIMENTO DI MATEMATICA E FISICA$1IT-CE0120$2VAN08 912 $fN 912 $aVAN0124839 950 $aBIBLIOTECA DEL DIPARTIMENTO DI MATEMATICA E FISICA$d08CONS e-book 1243 $e08eMF1243 20191025 996 $aMathematics for Sustainability$91563655 997 $aUNICAMPANIA